| 000 | 00955nam a2200265 a 4500 | ||
|---|---|---|---|
| 001 | 000022382 | ||
| 005 | 20251209121552.0 | ||
| 008 | 090902s1998 dr a 001 0 spa d | ||
| 040 |
_aDO-SdBNP _bspa _cBNPHU |
||
| 082 |
_a320.014 _bP849h, 1998 |
||
| 100 | 1 |
_aPortes Bautista, Francisco _918706 |
|
| 245 | 1 | 0 |
_aHerramientas y técnicas de persuación política y campañas electorales / _cFrancisco Portes Bautista. |
| 250 | _a2ª ed. | ||
| 260 |
_aSanto Domingo : _bEducando, _c1998. |
||
| 300 |
_a314 p. : _bil. ; _c22 cm. |
||
| 504 | _aIncluye bibliografía y notas al pie de páginas. | ||
| 504 | _aBibliografía : p.301-314. | ||
| 590 | _aInventariado,2018/DG | ||
| 650 | 0 |
_aCampaña electoral _946157 |
|
| 650 | 4 |
_aPropaganda electoral _918708 |
|
| 650 | 4 |
_aPublicidad política _96359 |
|
| 650 | 4 |
_aPolitica y medios de comunicación de masas _918709 |
|
| 650 | 4 |
_aPsicología política _918710 |
|
| 910 | _aValidado. Control de calidad EMS. | ||
| 999 |
_c21880 _d21880 |
||